000 01185nam a2200265Ia 4500
003 Ost
005 20260507075221.0
008 260507s9999||||xx |||||||||||||| ||und||
020 _a28791199579
040 _cfsecg
041 _aara
082 _a330
100 _aالشمري، خالد توفيق
_eمؤلف
245 0 _aالتحليل المالي و الاقتصادي :
_bفي دراسات تقييم و جدوى المشاريع /
_c خالد توفيق الشمري
260 _aعمان:
_bدار وائل,
_c2010
300 _a279 صفحة؛
_bإيضاحات ؛
_c24 سم
504 _aمراجع ص.277 ؛ ملاحق ص.233
520 _aنطاق دراسات الجدوى الاقتصادية ، التحليل المالي ، دراسة الجدوى الفنية ، ، التقييم الاقتصادي و الاجتماعي و قياس الربحية القومية ، حالات عملية لدراسات الجدوى .
653 _aإدارة المشاريع
653 _aالتحليل الاقتصادي
653 _aالتحليل المالي
653 _aالجدوى الاقتصادية
653 _aالمشاريع
942 _cكتاب
999 _c43520
_d43520